New public management and the professions within cultural organizations: one hybridization may hide another (Record no. 103802)

000 -LEADER
fixed length control field 01279pab a2200193 454500
008 - FIXED-LENGTH DATA ELEMENTS--GENERAL INFORMATION
fixed length control field 180718b2014 xxu||||| |||| 00| 0 eng d
100 ## - MAIN ENTRY--PERSONAL NAME
Personal name Kletz, Frederic
245 ## - TITLE STATEMENT
Title New public management and the professions within cultural organizations: one hybridization may hide another
260 ## - PUBLICATION, DISTRIBUTION, ETC.
Date of publication, distribution, etc. 2014
300 ## - PHYSICAL DESCRIPTION
Extent p.89-109.
362 ## - DATES OF PUBLICATION AND/OR SEQUENTIAL DESIGNATION
Dates of publication and/or sequential designation Mar
520 ## - SUMMARY, ETC.
Summary, etc. With the introduction into public organizations of management methods borrowed from the private sector, 'new public management' often comes across as a factor that weakens professional autonomy. Cultural industry is no exception to this phenomenon, as demonstrated by the case of the facilitators or interpreters in France (m�diateurs culturels). However, a careful study of the development of this occupation does reveal that rather than a strict opposition between a professional logic and managerial logic, hybridization is possible. Indeed, professional groups can benefit from the establishment of methods that structure their activity and that take on board the dynamics of knowledge career pathways. - Reproduce
650 ## - SUBJECT ADDED ENTRY--TOPICAL TERM
Topical term or geographic name entry element Public administration
700 ## - ADDED ENTRY--PERSONAL NAME
Personal name Sardas, Jean-Claude
700 ## - ADDED ENTRY--PERSONAL NAME
Personal name Henaut, Leonie
773 ## - HOST ITEM ENTRY
Main entry heading International Review of Administrative Sciences
908 ## - PUT COMMAND PARAMETER (RLIN)
Put command parameter N
909 ## -
-- 103806
Holdings
Withdrawn status Lost status Damaged status Not for loan Permanent Location Current Location Date acquired Serial Enumeration / chronology Barcode Date last seen Price effective from Koha item type
        Indian Institute of Public Administration Indian Institute of Public Administration 2018-07-19 Volume no: 80, Issue no: 1 AR104266 2018-07-19 2018-07-19 Articles

Powered by Koha